000 00863nam a22002177a 4500
003 UA-OsUOA
001 69394
007 ta
008 20100618b un ||||| |||| 00| 0 ukr d
090 _a343.3/7
_bА43
942 _cBK
040 _aUA-OsUOA
_brus
_cUA-OsUOA
_dUA-OsUOA
245 _aАктуальные проблемы юридической ответственности за нарушения в сфере экономической деятельности и налогообложения
_bматеривлы третьей научно-практической конференции (7 - 8 октября 2004 г.)
300 _a168 с.
955 _a2
041 _arus
080 _a343.3/7
260 _aЯрославль
_c2004
650 7 _a343 Кримінальне право. Карні порушення
_2UDC
999 _c355615
_d355615